Riconosci il Pokémon - Quiz n°654 - Statistics

Statistiche generali
  • Questo quiz è stato fatto 0 volte
  • Il punteggio medio è 0 su 10
Statistiche sulle risposte
Indizio Riposta % Corretto
Altezza 0,40 m
0%
Tasso di cattura 255 (43.9%)
0%
Sesso 50% ♂, 50% ♀
0%
Peso 52,5 kg
0%
Tipo Acqua
0%
Stadio evoluzione Base
0%
Pokémon Clamperl
0%
Abilità Guscioscudo; Paura
0%
Tasso di allevamento Irregolare
0%
Generazione Terza
0%
Nessun quiz corrispondente trovato
Distribuzione punteggi
Percentuale di utenti per punteggio
Percentile per numero di risposta
I tuoi punteggi nel tempo
Non hai fatto questo quiz